000 00527nam a2200169 i 4500
001 142458
003 ES-MaACL
005 20230906200528.0
007 t|
008 071005s1972 sp ||||1| spa d
100 1 _aVillagran Rodao, Quintín.
_9114926
245 1 3 _aLa Organización Nacional de Ciegos en su aspecto legal /
_cQuintín Villagran Rodao.
260 _aValladolid :
_b[s.n.],
_c1972 (
_fImpr. Academia Manrique)
300 _a126 fol. ;
_c31 cm.
500 _aMulticop.
852 _aES-MaACL
_jC-43955
_bR.83841
999 _c142458
_d142458